| 000 | 01030cam a2200349 i 4500 | ||
|---|---|---|---|
| 999 |
_c7660 _d7660 |
||
| 001 | 131022 | ||
| 003 | OSt | ||
| 005 | 20190214203648.0 | ||
| 008 | 830930s1981 enk 000 0 eng d | ||
| 020 | _a0720804841 | ||
| 035 | _a(CStRLIN)NJPT08224667X | ||
| 035 | _a(CaOTULAS)108224667 | ||
| 035 | _a(OCoLC)ocm09964988 | ||
| 035 | _a131022 | ||
| 040 |
_aPTS _beng _erda _cPTS |
||
| 082 |
_a262 _bW873b |
||
| 090 |
_aBV3790 _b.W87 |
||
| 100 | 1 |
_aWood, A. Skevington, _d1916-1993. |
|
| 245 | 1 | 0 |
_aBaptised with fire : _bGod promises revival / _cA. Skevington Wood. |
| 250 | _aPaperback edition. | ||
| 264 | 1 |
_aLondon : _bPickering & Inglis, _c1981. |
|
| 300 |
_a176 pages ; _c21 cm |
||
| 336 |
_atext _btxt _2rdacontent |
||
| 337 |
_aunmediated _bn _2rdamedia |
||
| 338 |
_avolume _bnc _2rdacarrier |
||
| 500 | _a"This book was previously issued under the title And with fire"--T.p. verso. | ||
| 650 | 0 | _aChurch renewal. | |
| 650 | 0 | _aRevivals. | |
| 740 | 0 | _aAnd with fire. | |
| 942 |
_2ddc _cBK |
||
| 945 | _aMARCIVE20181205 | ||